[Event "It (open)"]
[Site "masterchessopen.com Montcada (Spain)"]
[Date "2010.06.27"]
[Round "3"]
[White "Cruz Cristhian (PER)"]
[Black "Gomez Jurado Luis Alberto (ESP)"]
[Result "1-0"]
[WhiteElo "2497"]
[BlackElo "2339"]

1.d4 Nf6 2.c4 e6 3.Nc3 Bb4 4.Qc2 d5 5.cxd5 exd5 6.Bg5 c5 7.dxc5 h6 8.Bh4 g5
9.Bg3 Ne4 10.e3 Qa5 11.Be5 O-O 12.Bd3 Re8 13.Bxe4 dxe4 14.Bg3 Be6 15.Ne2 Bc4
16.O-O Bxc3 17.Nxc3 Bd3 18.Qb3 Nd7 19.Rfc1 Nxc5 20.Qd5 Rac8 21.Qf5 Bc4 22.Nxe4
Bd3 23.Rxc5 {#r} 1-0

[Event "It (open) \"]
[Site "masterchessopen.com Madrid (Spain)"]
[Date "2010.07.17"]
[Round "5"]
[White "Gonzalez Valenzuela Didac (ESP)"]
[Black "Gomez Jurado Luis Alberto (ESP)"]
[Result "0-1"]
[WhiteElo "2171"]
[BlackElo "2339"]

1.d4 Nf6 2.c4 e6 3.Nc3 Bb4 4.Qc2 d5 5.cxd5 exd5 6.Bg5 h6 7.Bh4 c5 8.dxc5 g5
9.Bg3 Ne4 10.e3 Qa5 11.Ne2 Bf5 12.Be5 O-O 13.Nd4 Nc6 {#R} 0-1

[Event "Ch Vojvodina"]
[Site "masterchessopen.com Novi Sad (Serbia)"]
[Date "2010.07.30"]
[Round "7"]
[White "Djurovic Goran (CRO)"]
[Black "Novoselski Zoran (SRB)"]
[Result "0-1"]
[WhiteElo "2374"]
[BlackElo "2417"]

1.d4 Nf6 2.c4 e6 3.Nc3 Bb4 4.Qc2 d5 5.cxd5 exd5 6.Bg5 h6 7.Bxf6 Qxf6 8.e3 O-O
9.a3 Bxc3+ 10.Qxc3 c6 11.Nf3 Bf5 12.Be2 Nd7 13.O-O Rfe8 14.Rfc1 Qd6 15.b4 a6
16.a4 Be4 17.Nd2 Rac8 18.Nb3 Qg6 19.f3 Bf5 20.Na5 b5 21.Nb7 Nb6 22.Nc5 Ra8
23.Re1 Nc4 24.Bxc4 bxc4 25.Ra2 Ra7 26.Rae2 Rae7 27.Kf2 Qf6 28.Kg1 Qg6 29.Kf2
h5 30.g3 Qh7 31.e4 h4 32.g4 Be6 33.e5 h3 34.Nxa6 Qh4+ 35.Kf1 Rf8 36.Nc5 f5
37.exf6 Rxf6 38.Rxe6 Qxg4 39.R1e3 Rexe6 40.Nxe6 Qg2+ 41.Ke1 Qxh2 {#R} 0-1

[Event "Memorial I.Ermolaev (open)"]
[Site "masterchessopen.com Irkutsk (Russia)"]
[Round "1"]
[White "Sorokovikov Vasily (RUS)"]
[Black "Stom Galina (RUS)"]
[Result "1-0"]
[WhiteElo "1819"]
[BlackElo "2023"]

1.d4 Nf6 2.c4 e6 3.Nc3 Bb4 4.Qc2 d5 5.cxd5 exd5 6.Bg5 c6 7.e3 h6 8.Bh4 g5
9.Bg3 Ne4 10.Be5 O-O 11.Bd3 f5 12.f3 Nxc3 13.bxc3 Bd6 14.f4 Bxe5 15.fxe5 Be6
16.Ne2 Nd7 17.O-O c5 18.Bxf5 Bxf5 19.Rxf5 Qe7 20.Raf1 c4 21.Rxf8+ Rxf8 22.Qg6+
Qg7 23.Qe6+ Rf7 24.Qxd5 Qg6 25.Rxf7 Nb6 26.Rf6+ Nxd5 27.Rxg6+ Kh7 28.Rd6 Nxe3
29.Rd7+ Kg6 30.Rxb7 a5 31.Rb6+ Kh5 32.e6 Nd5 33.Rd6 Ne7 34.Rd7 Ng8 35.Rg7 Nf6
36.e7 Kg4 37.d5 Kf5 38.Rf7 {#r} 1-0

[Event "Ch Romania (team)"]
[Site "masterchessopen.com Baile Herculane (Romania)"]
[Date "2010.09.05"]
[Round "2"]
[White "Rogozenko Dorian (ROM)"]
[Black "Tufa Mihai (ROM)"]
[Result "1-0"]
[WhiteElo "2522"]
[BlackElo "2028"]

1.d4 Nf6 2.c4 e6 3.Nc3 Bb4 4.Qc2 d5 5.cxd5 exd5 6.Bg5 h6 7.Bh4 g5 8.Bg3 Nc6
9.e3 Ne4 10.Bd3 Nxg3 11.hxg3 Be6 12.Nf3 a6 13.a3 Be7 14.b4 Nb8 15.Bf5 Qd6
16.Na4 Qc6 17.Nc5 Bxc5 18.bxc5 f6 19.Rb1 Bf7 20.Bg6 Nd7 21.Qf5 Ke7 22.O-O Bxg6
23.Qxg6 Rag8 24.Qf5 Rb8 25.e4 Qe6 26.Qxd5 Qxd5 27.exd5 Rhd8 28.Rb3 b6 29.d6+
cxd6 30.c6 Nc5 31.dxc5 bxc5 32.Re1+ {#r} 1-0

[Event "Czech League 2010/11 (1st) West"]
[Site "masterchessopen.com Czech Republic"]
[Round "2"]
[White "Sodoma Jan (CZE)"]
[Black "Voloshin Leonid (CZE)"]
[Result "1-0"]
[WhiteElo "2343"]
[BlackElo "2456"]

1.d4 Nf6 2.c4 e6 3.Nc3 Bb4 4.Qc2 d5 5.cxd5 exd5 6.Bg5 h6 7.Bh4 c6 8.e3 O-O
9.Nf3 Re8 10.Bd3 Be7 11.O-O Nbd7 12.a3 Ne4 13.Bxe7 Qxe7 14.b4 a6 15.Na4 Nd6
16.Nc5 Nf8 17.Ne5 f6 18.Nf3 Bg4 19.Nh4 g5 20.h3 Bc8 21.Nf3 Ne6 22.Rae1 Nxc5
23.bxc5 Ne4 24.Bxe4 Qxe4 25.Qxe4 Rxe4 26.Nd2 Re8 27.e4 Bd7 28.f4 gxf4 29.Rxf4
Kg7 30.Ref1 Re6 31.e5 Rf8 32.Nf3 Bc8 33.Nh4 Kg8 34.Ng6 Rf7 35.exf6 Re4 36.Rxe4
dxe4 37.Ne7+ Kf8 38.Nxc8 e3 39.Rf3 Rd7 40.Nd6 e2 41.Kf2 b6 42.Re3 {#r} 1-0

[Event "Memorial M.Chigorin (open)"]
[Site "masterchessopen.com St. Petersburg (Russia)"]
[Date "2010.11.05"]
[Round "9"]
[White "Biriukov Oleg V (RUS)"]
[Black "Shaidullina Sandugach (RUS)"]
[Result "1-0"]
[WhiteElo "2345"]
[BlackElo "2175"]

1.d4 Nf6 2.c4 e6 3.Nc3 Bb4 4.Qc2 d5 5.cxd5 exd5 6.Bg5 c5 7.dxc5 h6 8.Bh4 g5
9.Bg3 Ne4 10.e3 Bf5 11.Bd3 Qa5 12.Ne2 Nc6 13.O-O Bxc3 14.bxc3 Qxc5 15.Rab1 Qe7
16.Rfe1 h5 17.Nd4 Bg6 18.f3 Nxg3 19.Bxg6 Ne4 20.fxe4 fxg6 21.exd5 Ne5 22.Qa4+
Kf8 23.Ne6+ Kg8 24.Qe4 Qd6 25.Rxb7 Rh7 26.Rxh7 Kxh7 27.Nxg5+ Kg8 28.Nf3 Re8
29.Kh1 Re7 30.Qd4 Ng4 31.e4 Rf7 32.e5 Qf8 33.e6 Rxf3 34.gxf3 Qxf3+ 35.Kg1 Qh3
36.Re2 Nxh2 37.Rxh2 Qg3+ 38.Rg2 Qe1+ 39.Kh2 Kh7 40.Qf4 Qxc3 41.Qf7+ Kh8
42.Qe8+ {#r} 1-0

[Event "Ch Europe (active)"]
[Site "masterchessopen.com Warsaw (Poland)"]
[Date "2010.12.19"]
[Round "9"]
[White "Schmidt Wlodzimierz (POL)"]
[Black "Maiorov Nikita (BLR)"]
[Result "1-0"]
[WhiteElo "2394"]
[BlackElo "2546"]

1.d4 Nf6 2.c4 e6 3.Nc3 Bb4 4.Qc2 d5 5.cxd5 exd5 6.Bg5 h6 7.Bh4 g5 8.Bg3 Ne4
9.e3 h5 10.Bd3 h4 11.Be5 f6 12.Bxe4 dxe4 13.Qxe4 fxe5 14.Qxe5+ Kf7 15.Nf3 Rg8
16.Qe4 Nd7 17.O-O c6 18.Rad1 Nf6 19.Qc2 Kf8 20.Ne5 Qe8 21.f4 g4 22.e4 b6
23.Qb3 Bxc3 24.bxc3 Nxe4 25.f5 g3 26.Rde1 gxh2+ 27.Kxh2 Nd2 28.Qa3+ c5 29.Rf2
Nc4 30.Qc1 Nxe5 31.Qh6+ Kf7 32.dxe5 Bb7 33.Qf6# 1-0

[Event "Ch Georgia (w)"]
[Site "masterchessopen.com Anaklia (Georgia)"]
[Date "2011.01.17"]
[Round "7"]
[White "Danelia Mariam (GEO)"]
[Black "Paikidze Nazi (GEO)"]
[Result "1-0"]
[WhiteElo "2259"]
[BlackElo "2412"]

1.d4 Nf6 2.c4 e6 3.Nc3 Bb4 4.Qc2 d5 5.cxd5 exd5 6.Bg5 c5 7.dxc5 h6 8.Bh4 g5
9.Bg3 Ne4 10.e3 Qa5 11.Ne2 O-O 12.a3 Bf5 13.Qc1 Bxc3+ 14.Nxc3 Nxg3 15.b4 Qd8
16.hxg3 Nc6 17.Rxh6 f6 18.Nb5 Kg7 19.Rh1 Qe7 20.Nd6 Bg6 21.Qd2 d4 22.O-O-O
dxe3 23.Qxe3 Qd7 24.Bd3 {#r} 1-0

[Event "Ch Armenia"]
[Site "masterchessopen.com Yerevan (Armenia)"]
[Date "2011.01.19"]
[Round "2"]
[White "Kotanjian Tigran (ARM)"]
[Black "Pashikian Arman (ARM)"]
[Result "0-1"]
[WhiteElo "2546"]
[BlackElo "2618"]

1.d4 Nf6 2.c4 e6 3.Nc3 Bb4 4.Qc2 d5 5.cxd5 exd5 6.Bf4 c5 7.dxc5 Ne4 8.e3 Qf6
9.Ne2 g5 10.Bxb8 Qxf2+ 11.Kd1 Bxc3 12.Bg3 Nxg3 13.Qxc3 Nxf1 14.Qxh8+ Ke7
15.Qe5+ Kf8 16.Qh8+ Ke7 17.Qe5+ Be6 18.b3 f6 19.Qc3 Nxe3+ 20.Kc1 Rc8 21.Re1
Nxg2 22.Kd2 d4 23.Qb4 Qe3+ 24.Kc2 Nxe1+ 25.Rxe1 d3+ 26.Kb2 dxe2 {#R} 0-1

[Event "Ch Norway (team) 2010/11"]
[Site "masterchessopen.com Oslo (Norway)"]
[Date "2011.01.23"]
[Round "6"]
[White "Tjomsland Stig (NOR)"]
[Black "Heinz Axel (GER)"]
[Result "1-0"]
[WhiteElo "2370"]
[BlackElo "2452"]

1.d4 e6 2.c4 Nf6 3.Nc3 Bb4 4.Qc2 d5 5.cxd5 exd5 6.a3 Bxc3+ 7.bxc3 c5 8.Nf3 O-O
9.g3 Qa5 10.Bd2 Ne4 11.Bg2 Nc6 12.e3 Bg4 13.O-O Rac8 14.Be1 Qa6 15.Qb2 Na5
16.Ne5 Be2 17.f3 Nd6 18.Rf2 Bb5 19.a4 Be8 20.dxc5 Rxc5 21.Qb4 b6 22.Bf1 Nac4
23.Nd3 Rc7 24.Nf4 Qb7 25.a5 Bc6 26.axb6 axb6 27.Rfa2 Rd8 28.Bf2 Ne5 29.Be2 h6
30.Nd3 Nec4 31.Ne1 Ne5 32.e4 dxe4 33.Bxb6 Rb8 34.Bxc7 Qxc7 35.Qc5 exf3 36.Nxf3
Rb5 37.Ra7 Qd8 38.Bxb5 Nxf3+ 39.Kh1 Be4 40.Bc6 Qf6 41.Ra8+ Kh7 42.Qxd6 Bxc6
43.Qxf6 gxf6 44.R8a6 Ne5+ 45.Rxc6 Nxc6 46.Ra6 Ne5 47.Rxf6 Kg7 48.Rf4 f6 49.c4
Kf7 50.Rd4 {#r} 1-0

[Event "Ch Hungary (team) 2010/11"]
[Site "masterchessopen.com Hungary"]
[Date "2011.01.30"]
[Round "5"]
[White "Hegyesi Zoltan (HUN)"]
[Black "Rachela Milan (SVK)"]
[Result "0-1"]
[WhiteElo "2144"]
[BlackElo "2375"]

1.d4 Nf6 2.c4 e6 3.Nc3 Bb4 4.Qc2 d5 5.cxd5 exd5 6.Bg5 c5 7.Nf3 cxd4 8.Nxd4 Nc6
9.Rd1 h6 10.Bxf6 Qxf6 11.e3 O-O 12.a3 Nxd4 13.Rxd4 Bf5 14.Bd3 Bxc3+ 15.Qxc3
Rac8 16.Qd2 Qxd4 17.exd4 Bxd3 18.Qxd3 Rc1+ 19.Kd2 Rxh1 20.Qb5 Rxh2 21.Qxd5 b6
22.Qc6 Rh5 23.Qd7 a5 24.Qc7 Rb5 25.Kc3 a4 26.Qd7 Ra5 27.d5 Raa8 28.Kd4 h5
29.f4 Ra5 30.f5 Rc5 31.Qxa4 Rd8 32.Qb3 Rd6 33.Ke5 Rd7 34.Qd1 h4 35.b4 Rc8
36.d6 Re8+ 37.Kf4 Red8 38.Ke5 Re8+ 39.Kf4 Kf8 40.Qd4 Red8 41.Ke5 b5 42.Qxh4
f6+ 43.Kf4 Rxd6 44.Qh8+ Kf7 45.Qh5+ Kg8 46.Qe2 Rd3 47.Kg4 R8d4+ 48.Kh5 Rg3
{#R} 0-1

[Event "Ch Romania"]
[Site "masterchessopen.com Sarata Monteoru (Romania)"]
[Date "2011.02.17"]
[Round "8"]
[White "Lupulescu Constantin (ROM)"]
[Black "Miron Lucian-Costin (ROM)"]
[Result "1-0"]
[WhiteElo "2655"]
[BlackElo "2514"]

1.d4 Nf6 2.c4 e6 3.Nc3 Bb4 4.Qc2 d5 5.cxd5 exd5 6.Bf4 Nc6 7.e3 a6 8.a3 Be7
9.Bd3 Bg4 10.Nge2 Bh5 11.Ng3 Bg6 12.Nf5 Nh5 13.Be5 Nxe5 14.dxe5 Bxf5 15.Bxf5
g6 16.Bg4 c6 17.Bxh5 gxh5 18.Qf5 h4 19.O-O-O Qd7 20.Qxd7+ Kxd7 21.e4 Bg5+
22.Kb1 Bf4 23.exd5 Bxe5 24.Ne4 b6 25.f4 f5 26.dxc6+ Kxc6 27.fxe5 fxe4 28.Rd6+
Kb5 29.Re1 Rhg8 30.Rxe4 Rxg2 31.Rxh4 Ra7 32.Rb4+ Ka5 33.Rbxb6 Rxh2 34.Rb4 {#r}
1-0

[Event "Ch Switzerland (team) 2011"]
[Site "masterchessopen.com Switzerland"]
[Date "2011.03.20"]
[Round "2"]
[White "Fabre Mathias (SUI)"]
[Black "Maier Christian (GER)"]
[Result "0-1"]
[WhiteElo "2123"]
[BlackElo "2352"]

1.d4 Nf6 2.c4 e6 3.Nc3 Bb4 4.Qc2 d5 5.cxd5 exd5 6.Bg5 h6 7.Bh4 Nc6 8.e3 O-O
9.a3 Bxc3+ 10.bxc3 Re8 11.Bd3 Na5 12.Nf3 b6 13.Ne5 Qd6 14.O-O c5 15.Qa4 Bb7
16.Bg3 Qe7 17.dxc5 Qxc5 18.c4 dxc4 19.Rfc1 Rxe5 20.Bxe5 Qxe5 21.Bxc4 Qe4 22.f3
Qxe3+ 23.Kh1 Rc8 24.Rc2 Rc5 25.Be2 Bc6 {#R} 0-1

[Event "It (open)"]
[Site "masterchessopen.com Skopje (Macedonia)"]
[Date "2011.03.24"]
[Round "6"]
[White "Tancev Zoran (MKD)"]
[Black "Veleski Robert (MKD)"]
[Result "0-1"]
[WhiteElo "2267"]
[BlackElo "2265"]

1.d4 Nf6 2.c4 e6 3.Nc3 Bb4 4.Qc2 d5 5.cxd5 exd5 6.Bg5 h6 7.Bxf6 Qxf6 8.a3
Bxc3+ 9.Qxc3 c6 10.Nf3 O-O 11.e3 Re8 12.b4 Bf5 13.b5 cxb5 14.Bxb5 Rc8 15.Qb3
Be4 16.Be2 Nc6 17.O-O Na5 18.Qb4 Qb6 19.Nd2 Rc2 20.Nxe4 dxe4 21.Bd1 Rb2 22.Qe7
Qc6 23.Bh5 Qd5 24.Rac1 Qxh5 25.Rc5 Nc6 26.Qxe4 Qg6 27.Qf4 Re8 28.Rf5 Ne7
29.Re5 Qc6 30.Rc5 Qf6 31.Qe4 Qg6 32.Qe5 Qe6 33.Qg3 Nf5 34.Qf4 Ne7 35.e4 Rc8
36.Re5 Ng6 37.Rxe6 Nxf4 38.Rd6 Rb6 39.Rd7 Kf8 40.g3 Ke8 {#R} 0-1

[Event "It (open)"]
[Site "masterchessopen.com Cotxeres de Sants (Spain)"]
[Date "2011.04.23"]
[Round "8"]
[White "Roca Diaz Miguel Angel (ESP)"]
[Black "Ramirez Garcia Jorge Alberto (MEX)"]
[Result "0-1"]
[WhiteElo "2022"]
[BlackElo "2186"]

1.d4 Nf6 2.c4 e6 3.Nc3 Bb4 4.Qc2 d5 5.cxd5 exd5 6.Bg5 h6 7.Bh4 g5 8.Bg3 Ne4
9.e3 h5 10.f3 Nxg3 11.hxg3 Qd6 12.O-O-O Bxc3 13.Qxc3 Qxg3 14.f4 gxf4 15.Nf3
fxe3 16.Re1 Be6 17.Rxe3 Nd7 18.Ne5 Qg5 19.Bb5 c6 20.Nf3 Qf4 21.Ba4 O-O-O
22.Re1 Bf5 23.Ne5 Nxe5 {#R} 0-1

[Event "Ch Berlin (qual)"]
[Site "masterchessopen.com Berlin (Germany)"]
[Date "2011.04.27"]
[Round "5"]
[White "Bieg Pascal (GER)"]
[Black "Wolf Fritjof (GER)"]
[Result "0-1"]
[WhiteElo "1803"]
[BlackElo "1969"]

1.d4 Nf6 2.c4 e6 3.Nc3 Bb4 4.Qc2 d5 5.cxd5 exd5 6.Bg5 O-O 7.a3 Be7 8.e3 Nbd7
9.Bd3 c6 10.Nf3 Re8 11.O-O a5 12.Rfe1 Nf8 13.e4 dxe4 14.Nxe4 Nd5 15.Bxe7 Rxe7
16.Ng3 Rxe1+ 17.Rxe1 Nf6 18.Bc4 Be6 19.Nf5 Qd7 20.Ne3 Rd8 21.Rd1 Nd5 22.Nxd5
Bxd5 23.Bxd5 Qxd5 24.h3 Ne6 25.Qd2 b6 26.b4 axb4 27.Qxb4 b5 28.Qa5 h6 29.a4
bxa4 30.Qxa4 c5 31.Rc1 cxd4 32.Rd1 d3 33.Rd2 Ra8 34.Qd1 Nc5 35.Ne1 Ra3 36.Qf3
Qc4 37.Qh5 Ne4 38.Rd1 d2 39.Nf3 Qe2 40.Rxd2 Nxd2 41.Qf5 Ra1+ 42.Kh2 Nf1+ {#R}
0-1

[Event "Ch Pan-American (juniors) (under 20)"]
[Site "masterchessopen.com Guayaquil (Ecuador)"]
[Date "2011.06.05"]
[Round "1"]
[White "Lozano Cedeno Jorge (ECU)"]
[Black "Principe Gerson (PER)"]
[Result "0-1"]
[WhiteElo "1800"]
[BlackElo "2162"]

1.c4 Nf6 2.Nc3 e6 3.d4 Bb4 4.Qc2 d5 5.cxd5 exd5 6.Bf4 c6 7.e3 Nbd7 8.a3 Be7
9.Nf3 O-O 10.Bd3 Re8 11.O-O Nf8 12.h3 Ng6 13.Bg5 Be6 14.Rad1 Nd7 15.Bxe7 Qxe7
16.e4 dxe4 17.Nxe4 Nf4 18.Neg5 h6 19.Nxe6 Qxe6 20.Bh7+ Kh8 21.Bf5 Qd6 22.Bxd7
Qxd7 23.Ne5 Qd5 24.f3 Kg8 25.Rfe1 Ne6 26.Qe4 Rad8 27.Qxd5 Rxd5 28.Ng4 Red8
29.Re4 Nxd4 30.Ne3 Nxf3+ 31.gxf3 Rxd1+ 32.Nxd1 Rxd1+ 33.Kf2 Rd2+ 34.Re2 Rxe2+
35.Kxe2 f5 36.Ke3 Kf7 37.Kd4 Ke6 38.h4 g5 39.h5 b6 40.b4 Kd6 41.a4 c5+ {#R}
0-1

[Event "It (cat.15)"]
[Site "masterchessopen.com Malme (Sweden)"]
[Date "2011.06.12"]
[Round "4"]
[White "So Wesley (PHI)"]
[Black "Grandelius Nils (SWE)"]
[Result "0-1"]
[WhiteElo "2655"]
[BlackElo "2536"]

1.c4 e6 2.Nc3 Nf6 3.d4 Bb4 4.Qc2 d5 5.cxd5 exd5 6.Bg5 c5 7.dxc5 h6 8.Bh4 g5
9.Bg3 Ne4 10.e3 Qa5 11.Ne2 Bf5 12.Be5 O-O 13.Nd4 Re8 14.Bxb8 Nxc3 15.Nxf5 Ne4+
16.Kd1 Raxb8 17.Nxh6+ Kf8 18.Bd3 Rbc8 19.Qe2 Rxc5 20.Qh5 Qa4+ 21.b3 Qd7 22.Ke2
Qe6 23.Rac1 Qf6 24.Ng4 Qb2+ 25.Kf3 Re6 26.Rxc5 Rf6+ 27.Nxf6 Qxf6+ 28.Kg4 Qe6+
29.Kf3 Qf5+ 30.Ke2 Qxf2+ 31.Kd1 Qd2# 0-1

[Event "Zt"]
[Site "masterchessopen.com Sharjah (United Arab Emirates)"]
[Date "2011.07.08"]
[Round "4"]
[White "Alavi Sayed Javad (IRI)"]
[Black "Khouri Ibrahim Mohamed (UAE)"]
[Result "1-0"]
[WhiteElo "2422"]
[BlackElo "2224"]

1.d4 Nf6 2.c4 e6 3.Nc3 Bb4 4.Qc2 d5 5.cxd5 exd5 6.Nf3 O-O 7.Bg5 c6 8.e3 Nbd7
9.Bd3 Be7 10.h3 Re8 11.O-O Nf8 12.Bf4 Ng6 13.Bh2 Bd6 14.Bxd6 Qxd6 15.Rab1 Qe7
16.b4 Ne4 17.Bxe4 dxe4 18.Nd2 Bf5 19.Ne2 Nh4 20.Ng3 Qg5 21.Rfc1 a6 22.a4 Rad8
23.Nb3 Rd6 24.Qc5 Rg6 25.b5 axb5 26.axb5 h5 27.Kh2 Nf3+ 28.Kh1 Nh4 29.bxc6
bxc6 30.Nd2 Ree6 31.Rb8+ Kh7 32.Qf8 Rgf6 33.Rc5 Kg6 34.Nc4 Nf3 35.Qh8 h4
36.Rg8 {#r} 1-0

[Event "Ch Central Serbia (open) (b)"]
[Site "masterchessopen.com Paracin (Serbia)"]
[Date "2011.07.15"]
[Round "9"]
[White "Jaklin Damir (CRO)"]
[Black "Stojkovic Dragan (SRB)"]
[Result "1-0"]
[WhiteElo "1972"]
[BlackElo "1803"]

1.d4 Nf6 2.c4 e6 3.Nc3 Bb4 4.Qc2 d5 5.cxd5 exd5 6.Bg5 c6 7.e3 Be6 8.Bd3 Nbd7
9.Ne2 Bd6 10.Bf4 Be7 11.O-O h6 12.Bf5 Nf8 13.Be5 Qd7 14.Ng3 g6 15.Bxe6 Nxe6
16.Rad1 Rg8 17.e4 Ng4 18.exd5 cxd5 19.h3 Nf6 20.f4 Ng7 21.Qb3 Rd8 22.Rfe1 Kf8
23.Rc1 Nfh5 24.Nxh5 gxh5 25.Bc7 Re8 26.Nxd5 Ne6 27.Be5 Rd8 28.Nf6 Bxf6 29.Bxf6
Rg6 30.Bxd8 Nxd8 31.Qe3 h4 32.Rf1 Rg3 33.Qe5 Rg7 34.Rc7 Qxh3 35.Qxg7+ {#r} 1-0

[Event "Memorial Sukharev (open)"]
[Site "masterchessopen.com Novosibirsk (Russia)"]
[Date "2011.07.21"]
[Round "4"]
[White "Mastilin Alexander (RUS)"]
[Black "Yakushev Nikolai (RUS)"]
[Result "0-1"]
[WhiteElo "1991"]
[BlackElo "2152"]

1.d4 Nf6 2.c4 e6 3.Nc3 Bb4 4.Qc2 d5 5.cxd5 exd5 6.Bg5 h6 7.Bxf6 Qxf6 8.a3
Bxc3+ 9.Qxc3 O-O 10.e3 c6 11.Nf3 Be6 12.Be2 Nd7 13.b4 Rfc8 14.Rc1 Qg6 15.O-O
h5 16.Ne5 Nxe5 17.dxe5 Bf5 18.Rfd1 Bh3 19.Bf1 Bg4 20.Rd2 Bf3 21.Kh1 Be4 22.f3
Bf5 23.a4 Qe6 24.Bd3 Re8 25.Bxf5 Qxf5 26.f4 Re6 27.b5 f6 28.exf6 Rxf6 29.Qd4
Re6 30.bxc6 bxc6 31.Kg1 Rb8 32.Rc3 Rbe8 33.Rb2 Qg4 34.a5 Re4 35.Qd2 d4 36.Rxc6
Rxe3 37.g3 Qf3 38.Rc7 R8e7 39.Rc8+ Kh7 {#R} 0-1

[Event "Ch Vojvodina (open)"]
[Site "masterchessopen.com Novi Sad (Serbia)"]
[Date "2011.07.24"]
[Round "1"]
[White "Saric Sinisa (SRB)"]
[Black "Milicevic Zikica (SRB)"]
[Result "1-0"]
[WhiteElo "2473"]
[BlackElo "1978"]

1.d4 Nf6 2.c4 e6 3.Nc3 Bb4 4.Qc2 d5 5.cxd5 exd5 6.Nf3 O-O 7.Bg5 h6 8.Bh4 Nc6
9.e3 Be7 10.a3 a6 11.Bd3 Be6 12.O-O Nd7 13.Bg3 Nb6 14.h3 Bd6 15.Ne5 Bxe5
16.dxe5 Qe7 17.Rad1 Kh8 18.f4 f5 19.exf6 gxf6 20.f5 Bf7 21.Bf4 h5 22.Qf2 Rg8
23.Qh4 Be8 24.Be2 Qg7 25.Rf2 Ne7 26.Bxc7 Nc4 27.Bxc4 dxc4 28.e4 Rc8 29.Bd8 Rc6
30.e5 Nxf5 31.Qf4 {#r} 1-0

[Event "Ch Austria"]
[Site "masterchessopen.com Linz (Austria)"]
[Date "2011.07.26"]
[Round "4"]
[White "Ernst Michael (AUT)"]
[Black "Theuretzbacher Klaus (AUT)"]
[Result "0-1"]
[WhiteElo "2177"]
[BlackElo "2234"]

1.d4 Nf6 2.c4 e6 3.Nc3 Bb4 4.Qc2 d5 5.cxd5 exd5 6.Bg5 h6 7.Bxf6 Qxf6 8.a3
Bxc3+ 9.Qxc3 c6 10.e3 O-O 11.Nf3 Nd7 12.Be2 Re8 13.O-O g5 14.b4 a6 15.Rac1 g4
16.Nd2 Nf8 17.a4 Ng6 18.Rfe1 h5 19.b5 axb5 20.axb5 Ra2 21.bxc6 bxc6 22.Rc2
Rxc2 23.Qxc2 h4 24.Nf1 Nf8 25.Rc1 Bd7 26.Ra1 Nh7 27.Ra7 Rd8 28.Qd1 Qe6 29.Qe1
Qh6 30.Qd1 Qe6 31.Qe1 Qh6 32.Qd1 Nf6 33.f3 gxf3 34.Bxf3 Re8 35.Rc7 Qg5 36.Kh1
Kh8 37.Qc1 Rg8 38.Qe1 Rb8 39.g3 h3 40.Qc1 Bf5 41.Kg1 Bd3 42.Qd1 Bxf1 43.Kxf1
Qf5 44.g4 Nxg4 {#R} 0-1

[Event "Cup Governor's (open)"]
[Site "masterchessopen.com Khanty Mansyisk (Russia)"]
[Date "2011.09.03"]
[Round "4"]
[White "Samdanov S"]
[Black "Vorobiov Nikolai (RUS)"]
[Result "1-0"]
[WhiteElo "2188"]
[BlackElo "2002"]

1.d4 Nf6 2.c4 e6 3.Nc3 Bb4 4.Qc2 d5 5.cxd5 exd5 6.Bg5 h6 7.Bh4 c6 8.e3 Bg4
9.Bd3 Nbd7 10.f3 Be6 11.Ne2 O-O 12.O-O Re8 13.Kh1 Nf8 14.e4 Be7 15.e5 N6h7
16.Bf2 Rc8 17.f4 Bg4 18.Ng3 c5 19.h3 cxd4 20.Bxd4 Bh4 21.Kh2 Bd7 22.Nge2 b5
23.a3 a5 24.Qb3 b4 25.axb4 axb4 26.Nxd5 Be6 27.Be4 f5 28.Bf3 Kh8 29.Rfd1 Ng6
30.Be3 Ne7 31.g3 g5 32.gxh4 g4 33.Bg2 Nxd5 34.Bxd5 Qxh4 35.Bxe6 Qxh3+ 36.Kg1
Rxe6 37.Qxe6 Qxe3+ 38.Kf1 Rg8 39.Qd5 g3 40.Qg2 h5 41.Ra8 h4 42.Rxg8+ Kxg8
43.Qd5+ Kh8 44.Qd8+ Kg7 45.Rd7+ Kg6 46.Qe8+ Kh6 47.Rd6+ {#r} 1-0

[Event "It \"]
[Site "masterchessopen.com Kuala Lumpur (Malaysia)"]
[Date "2011.09.05"]
[Round "1"]
[White "Vakhidov Jahongir (UZB)"]
[Black "Nguyen Anh Dung (VIE)"]
[Result "1-0"]
[WhiteElo "2392"]
[BlackElo "2479"]

1.d4 Nf6 2.c4 e6 3.Nc3 Bb4 4.Qc2 d5 5.cxd5 exd5 6.Nf3 c5 7.Bg5 h6 8.Bh4 g5
9.Bg3 Ne4 10.dxc5 Bf5 11.Nd4 Bxc3+ 12.bxc3 Nxg3 13.Nxf5 Nxh1 14.Nd6+ Kf8
15.Qf5 Qd7 16.Qxd5 Nc6 17.g3 Nxf2 18.Kxf2 Qe6 19.Qb3 Ne5 20.Bg2 Rb8 21.Kg1 Kg7
22.Rf1 Rhe8 23.Bd5 Qd7 24.Bxf7 Rf8 25.Qd5 {#r} 1-0

[Event "Ch Vienna State"]
[Site "masterchessopen.com Vienna (Austria)"]
[Date "2011.09.15"]
[Round "6"]
[White "Albadri Abd Al Sattar (IRQ)"]
[Black "Ernst Michael (AUT)"]
[Result "1-0"]
[WhiteElo "2234"]
[BlackElo "2146"]

1.d4 Nf6 2.c4 e6 3.Nc3 Bb4 4.Qc2 d5 5.cxd5 exd5 6.Bg5 h6 7.Bh4 c5 8.dxc5 g5
9.Bg3 Ne4 10.e3 Qa5 11.Rc1 Bf5 12.Bd3 Nd7 13.f3 Nxg3 14.hxg3 Bxd3 15.Qxd3
O-O-O 16.a3 Bxc5 17.Ne2 Kb8 18.b4 Qxa3 19.bxc5 Nxc5 20.Qc2 Qa6 21.O-O Rhe8
22.Nd4 Rxe3 23.Nd1 {#r} 1-0

[Event "Ch Region (open)"]
[Site "masterchessopen.com Rostov on Don (Russia)"]
[Round "7"]
[White "Konovalov Valerij (RUS)"]
[Black "Petrov Artur (RUS)"]
[Result "0-1"]
[WhiteElo "2304"]
[BlackElo "2399"]

1.d4 Nf6 2.c4 e6 3.Nc3 Bb4 4.Qc2 d5 5.cxd5 exd5 6.Bg5 c6 7.Bxf6 Qxf6 8.a3 Ba5
9.b4 Bb6 10.e3 Bf5 11.Bd3 Bxd3 12.Qxd3 Qg5 13.g3 Nd7 14.Nf3 Qh5 15.Nh4 O-O
16.Qf5 Qxf5 17.Nxf5 Rfe8 18.Kd1 Nf6 19.a4 g6 20.Nh4 a5 21.b5 c5 22.dxc5 Bxc5
23.Rc1 d4 24.Ne2 Ne4 25.exd4 Nxf2+ 26.Ke1 Nd3+ 27.Kd2 Nxc1 28.Rxc1 Bd6 29.Ng2
f5 30.Ne3 Re4 31.Nc4 Bb4+ 32.Kd3 Rd8 33.Nb6 Rde8 34.Nf4 Re3+ 35.Kc4 Rd8
36.Nfd5 Re6 37.Nxb4 Rxb6 38.Kc5 Rbd6 39.Nc6 bxc6 40.b6 Rxd4 {#R} 0-1

[Event "It (open)"]
[Site "masterchessopen.com Jakarta (Indonesia)"]
[Date "2011.10.14"]
[Round "2"]
[White "Nasri Amin (IRI)"]
[Black "Medina W"]
[Result "1-0"]
[WhiteElo "2283"]
[BlackElo "2112"]

1.d4 Nf6 2.c4 e6 3.Nc3 Bb4 4.Qc2 d5 5.cxd5 exd5 6.Bg5 c5 7.dxc5 h6 8.Bh4 g5
9.Bg3 Ne4 10.e3 Qa5 11.Ne2 Bf5 12.Be5 f6 13.Bxb8 Rxb8 14.Nd4 Bh7 15.Bd3 Rc8
16.O-O Bxc3 17.bxc3 Rc7 18.c4 Kf7 19.f3 Qxc5 20.fxe4 dxc4 21.Rac1 Rhc8 22.Be2
Bg6 23.Bg4 Re8 24.Bf5 Qe5 25.Rf3 Bxf5 26.exf5 g4 27.Rg3 h5 28.Ne6 Rcc8 29.e4
b5 30.Qd2 Re7 31.Qh6 Rxe6 32.Qxh5+ Ke7 33.Qh7+ Kd6 {#r} 1-0

[Event "Ch Hungary (juniors) (team)"]
[Site "masterchessopen.com Miskolc (Hungary)"]
[Date "2011.11.03"]
[Round "2"]
[White "Csonka Balazs (HUN)"]
[Black "Smideliusz Mark (HUN)"]
[Result "1-0"]
[WhiteElo "2289"]
[BlackElo "2030"]

1.d4 Nf6 2.c4 e6 3.Nc3 Bb4 4.Qc2 d5 5.cxd5 exd5 6.Bg5 c5 7.dxc5 Bxc5 8.O-O-O
Be7 9.Nxd5 Nxd5 10.Bxe7 Nxe7 11.Rxd8+ Kxd8 12.Qd2+ Ke8 13.Nf3 Nbc6 14.Nd4 Nxd4
15.Qxd4 f6 16.e4 Be6 17.Kb1 Nc6 18.Qd6 Kf7 19.Qc7+ Kg6 20.f4 Bc8 21.f5+ Kh6
22.h4 g6 23.g4 Re8 24.g5+ fxg5 25.hxg5+ Kxg5 26.Rg1+ {#r} 1-0